Implementácia konceptu spoločensky zodpovedného podnikania v chemickom priemysle

Spoločenská zodpovednosť podnikania je koncept riadenia, ktorý postupne získava akceptáciu a uplatnenie v každodennej praxi podnikov. Problematika spoločensky zodpovedného podnikania v ekonomickej, sociálnej a environmentálnej oblasti s aplikáciou na podniky chemického priemyslu.

Salvato in:
Dettagli Bibliografici
Autore principale: Vicianová, Jana
Natura: Capitolo di libro
Lingua:slovacco
Soggetti:
Tags: Aggiungi Tag
Nessun Tag, puoi essere il primo ad aggiungerne!!

MARC

LEADER 00000nla$a2200000$$$4500
001 0142880
005 20221103134201.3
041 0 |a slo 
044 |a SK 
245 1 0 |a Implementácia konceptu spoločensky zodpovedného podnikania v chemickom priemysle  |c Jana Vicianová 
520 |a Spoločenská zodpovednosť podnikania je koncept riadenia, ktorý postupne získava akceptáciu a uplatnenie v každodennej praxi podnikov. Problematika spoločensky zodpovedného podnikania v ekonomickej, sociálnej a environmentálnej oblasti s aplikáciou na podniky chemického priemyslu. 
610 2 0 |a globalizácia 
610 2 0 |a globalizácia hospodárstva 
610 2 0 |a priemysel chemický 
610 2 0 |a podnikanie zodpovedné 
610 2 0 |a ekonomika ekologická 
610 2 0 |a zodpovednosť spoločenská 
610 2 0 |a ochrana prostredia životného 
100 1 |a Vicianová, Jana